Nennen Sie einen gültigen Nummer 1-Hit - BENELUX-Künstler - Statistiken

Allgemein
  • Dieses Quiz wurde 54 mal gespielt
  • Das Durchschnittsergebnis liegt bei 5 aus 22
Antwortstatistiken
Nennen Sie einen Nummer 1 Hit von... Antworten % Korrekt
Gotye Somebody That I Used to Know
67%
Stromae Alors on danse
62%
Loona Bailando | Hijo de la luna
44%
Mr. Probz Waves
40%
Lost Frequencies Are You with Me | Reality
33%
Vader Abraham Das Lied der Schlümpfe
31%
Joost Klein Friesenjung
31%
Stars on 45 Stars on 45
22%
George Baker Selection Paloma Blanca
18%
Janieck Devy Reality
16%
Ch!pz Cowboy
11%
Pussycat Mississippi
11%
Electronica’s Dance Little Bird
9%
Heintje Du sollst nicht weinen | Heidschi Bumbeidschi | Ich sing’ ein Lied für Dich
9%
Mad'House Like a Prayer
9%
Guillermo Marchena My Love Is a Tango
9%
Earth & Fire Weekend
9%
Mouth & MacNeal Hello-A
7%
MC Miker G & Deejay Sven Holiday Rap
7%
Blue Diamonds Ramona
7%
Luv’ You’re the Greatest Lover
4%
Eric Dikeb Burger Dance
2%
Keine übereinstimmenden Quizze gefunden
Verteilung der Resultate
Anzahl Personen mit jedem Resultat
Perzentil nach korrekt beantworteten Fragen
Ihre Resultats-Entwicklung
Sie haben dieses Quiz noch nicht gespielt